| 000 | 00655nam a2200217 4500 | ||
|---|---|---|---|
| 003 | OSt | ||
| 005 | 20260601193844.0 | ||
| 008 | 260420b2007 XXU||||| |||| 00| 0 eng d | ||
| 020 | _a0123740371 | ||
| 040 |
_aICI _bspa _cICI |
||
| 050 |
_aTS171 _bB89 |
||
| 100 | 1 |
_aBuxton, William, _931180 |
|
| 245 | 1 |
_aSketching user experience : _bgetting the design right and the right design / _cBill Buxton |
|
| 264 |
_bM. Kaufmann, _c2007 _aSan Francisco, California : |
||
| 300 |
_a445 páginas _bilustraciones |
||
| 336 |
_atexto _2rdacontent |
||
| 337 |
_asin medio _2rdamedia |
||
| 338 |
_avolumen _2rdacarrier |
||
| 650 | _aDiseño industrial | ||
| 942 |
_2lcc _cB |
||
| 999 |
_c21567 _d21567 |
||